000 01106nam0a22003131 4500
001 v19\rc\1713044
005 20260406163209.0
035 _a(NLR Aleph) 004843414
090 _a4846241
_c4846241
100 _a20061002d1900 |||y0rusy50 ca
101 1 _arus
_ctat
102 _aRU
105 _ay z |||||
200 1 _aАпокрифические сказания о священных войнах Магомеда
_fС тюрк. пер. [и предисл.] К.В. Мединского
210 _aМосква
_cК.М. Соловьев
_d1900
215 _a106 с.
_d21
702 1 _aМединский
_bК.В.
_4730
_4080
702 0 _4570
_8rus
_7ca
_aМухаммед
_cпророк
_fок.570-632
_3RU\NLR\AUTH\779947
_9119736
790 0 _8rus
_7ca
_aМухаммед
_cпророк
_fок.570-632
_3RU\NLR\AUTH\779947
_9119736
801 0 _aRU
_bNLR
_gpsbo
801 0 _aRU
_bRuMoRGB
_2psbo
801 1 _aRU
_bProSoft-M
_2rusmarc
852 _aNLR
_j20.55.4.38
899 _aRuMoRGB
_jU 55/590
899 _aRuMoRGB
_j801-91/8770-2
899 _aБАН
899 _aГПИБ
942 _cBOOK
980 _aNB